Les villes les plus peuplées de Lorraine - Statistiques

Statistiques générales
  • Ce quiz a été pris 457 fois
  • Le résultat moyen est 12 sur 20
Statistiques - réponses
Population Ville % Correct
123 704 Metz
100%
103 552 Nancy
99%
35 782 Épinal
86%
40 863 Thionville
84%
19 624 Verdun
79%
16 939 Bar-le-Duc
77%
23 191 Sarreguemines
69%
16 851 Toul
66%
22 784 Forbach
64%
20 188 Lunéville
62%
22 590 Saint-Dié
61%
14 515 Longwy
55%
32 031 Vandoeuvre-lès-Nancy
55%
14 611 Pont-à-Mousson
54%
23 426 Montigny-lès-Metz
49%
16 925 Saint-Avold
45%
15 225 Hayange
36%
15 286 Laxou
35%
15 684 Villers-lès-Nancy
30%
14 676 Yutz
28%
Aucun quiz correspondant
Distribution des résultats
% des personnes avec chaque résultat
Percentile par nombre de réponses
Votre historique - résultats
Vous n’avez pas pris ce quiz